| 000 | 00440nmm a2200157Ia 4500 | ||
|---|---|---|---|
| 008 | 251105s9999||||xx |||||||||||||||||und|| | ||
| 020 | _a9788498385403 | ||
| 041 | _aspa | ||
| 100 | _aCaspari, Sofia | ||
| 245 | 0 | _aEl país de las promesas | |
| 264 |
_a[Madrid, España] : _bEdiciones Salamandra, _c2013 |
||
| 300 | _a544 páginas | ||
| 650 | _aOther narratives | ||
| 856 | _uhttps://public.digitaliapublishing.com/a/48265 | ||
| 942 | _cCF | ||
| 999 |
_c91753 _d91753 |
||